000 00318nam a2200121Ia 4500
008 241028s9999 xx 000 0 und d
041 _aeng
082 _a658.4038 PEA
100 _aPearlson
245 _aStrategic Management Of Information Systems
260 _bWiley India
_aNew Delhi
_c2016
300 _a401;. P. 23 cm
999 _c43066
_d43066